Complete the film title (Jennifer Garner) - Statistics

General Stats
  • This quiz has been taken 35 times
  • The average score is 10 of 15
Answer Stats
Film Title % Correct
Valentine’s {Day}
100%
13 Going On {30}
96%
Catch Me If You {Can}
96%
Pearl {Harbor}
88%
Dallas Buyers {Club}
81%
Mother's {Day}
81%
Dude, Where’s My {Car}?
77%
Ghosts of Girlfriends {Past}
73%
Men, Women & {Children}
62%
Catch and {Release}
58%
Alexander and the Terrible, Horrible, No Good, Very Bad {Day}
50%
Miracles from {Heaven}
46%
The Invention of {Lying}
35%
Draft {Day}
31%
Love, {Simon}
31%
No matching quizzes found
Score Distribution
Percent of People with Each Score
Percentile by Number Answered
Your Score History
You have not taken this quiz